Представление документа в формате RUSMARC

ПолеНазваниеЗначение
  Тип записи a
  Библиографический уровень m
001 Контрольный номер RU/REG73/CBS_GRAD/76438c99884e461d876eff441acb9106
005 Дата корректировки 20260218101417.3
010 Индекс ISBN __
a ISBN 5-268-0129812
b Уточнения в пер.
9 Тираж 50 000 экз.
100 Данные общей обработки __
a Данные общей обработки 20260218d1994 ||| 0rusy0189 ca
101 Язык документа 0_
a Язык текста rus
102 Страна публикации __
a Страна публикации RU
105 Кодированные данные (монография) __
a Кодированные данные (монография) y###z 000ay
200 Заглавие и сведения об ответственности 1_
a Заглавие Т. 4
i Наименование части Рудин.Дворянское гнездо. Накануне: романы
f Первые сведения об ответственности И.С. Тургенев
g Последующие сведения об ответственности художник П.С. Сацкий
210 Выходные данные 1_
d Дата издания 1994
215 Физическое описание __
a Объем 416 с.
c Иллюстрации/тип воспроизводства 1 л. портрет
461 Уровень набора _0
1 700 1
a Тургенев
b И. С.
g Иван Сергеевич
1 2001
a Собрание сочинений
e в 5-ти томах
f Иван Сергеевич Тургенев
v Т. 4
1 2101
a Москва
c Русская книга
d 1994-
1 001RU/REG73/CBS_GRAD/63a7f613425f4c81a69d059e1389d04e
1 203
a Текст
b визуальный
c непосредственный
606 Тематические рубрики 0_
a Основная рубрика Проза (х.л.)
610 Ключевые слова 0_
a Ключевые слова классика, проза русская
686 Индексы других классификаций __
a Классификационный индекс 84(2Рос=Рус)1
2 Код системы rubbk
702 Вторичная интеллектуальная ответственность _1
a Фамилия Сацкий
b Имя (инициалы) П.С.
4 Код отношения 440
801 Источник записи _0
a Страна RU
b Организация RuCBSGrad
c Дата составления 20260218
g Правила каталогизации RCR
801 Источник записи _1
a Страна RU
b Организация RuCBSGrad
c Дата составления 20260218
g Правила каталогизации RCR
852 Данные о местонахождении __
a Наименование организации МБУК ЦБС г. Димитровграда
i Авторский знак Т 87
z Тип записи R
901 Тип документа __
t Тип документа n
w Контрольный № источника RU/REG73/CBS_GRAD/63a7f613425f4c81a69d059e1389d04e
909 Создатель записи __
a Создатель записи Тенигина
b Дата создания записи 20260218